书目信息 |
| 题名: |
林清玄作品集
|
|
| 作者: | [林清玄著] ;许枫 编 | |
| 分册: | ||
| 出版信息: | 昆明 云南人民出版社 1999.10 |
|
| 页数: | 500页 | |
| 开本: | 23cm | |
| 丛书名: | 著名作家精品文丛 | |
| 单 册: | ||
| 中图分类: | I-5 | |
| 科图分类: | ||
| 主题词: | 散文--中国 , 散文--作品综合集--中国 , 文学 | |
| 电子资源: | ||
| ISBN: | 7-222-02562-6 | |
| 000 | 00647nam0 2200241 45 | |
| 001 | 1251550445 | |
| 005 | 20150208202316.57 | |
| 010 | @a7-222-02562-6@dCNY24.00 | |
| 100 | @a20001116d1999 km y0chiy0120 ea | |
| 101 | 0 | @achi |
| 200 | 1 | @a林清玄作品集@f[林清玄著]@F[Lin Qing Xuan Zhu]@g许枫编 |
| 210 | @a昆明@c云南人民出版社@d1999.10 | |
| 215 | @a500页@d23cm | |
| 225 | @a著名作家精品文丛 | |
| 410 | @12001 @a著名作家精品文丛 | |
| 606 | 0 | @a散文@y中国 |
| 606 | 0 | @a散文@x作品综合集@y中国 |
| 606 | 0 | @a文学 |
| 690 | @aI-5@v3 | |
| 701 | 0 | @a[林清玄著] |
| 702 | 0 | @a许枫@AXu Feng@4编 |
| 801 | @aCN@bTSSF@c20150208 | |
| 905 | @aZUCC@dI-5@eJY17 | |
| 林清玄作品集/[林清玄著]/许枫编.-昆明:云南人民出版社,1999.10 |
| 500页;23cm.-(著名作家精品文丛) |
| ISBN 7-222-02562-6:CNY24.00 |
| ● |
| 相关链接 |
|
|
|
|
正题名:林清玄作品集
索取号:I-5/JY17
 
预约/预借
| 序号 | 登录号 | 条形码 | 馆藏地/架位号 | 状态 | 备注 |
| 1 | 7823968 | 278239684 | 学院路分馆/ [索取号:I-5/JY17] | 在馆 | |
| 2 | 7823969 | 278239693 | 学院路分馆/ [索取号:I-5/JY17] | 在馆 | |
| 3 | 7836629 | 278366297 | 学院路分馆/ [索取号:I-5/JY17] | 在馆 | |
| 4 | 7850935 | 278509357 | 学院路分馆/ [索取号:I-5/JY17] | 在馆 |